000 00276nam a22001337a 4500
008 180928b xxu||||| |||| 00| 0 eng d
020 _a0316607525
041 _aeng
080 _a610
100 _a4
101 _aSHM
245 _aBehold man
_cNilsson,L
942 _2udc
_cBK
999 _c48680
_d48680